000
00316 a2200145 4500
001
175613
020
_a
040
_c
Magnum
100
_a
Machado de Assis
240
1
0
_a
A mao e a luva/prazo livro
_l
por
245
1
0
_a
A mao e a luva/prazo livro
362
0
_a
1899
697
_a
MAGNITO: A/ROMANCE
942
_c
BK
999
_c
175613
_d
175613